000 00323nam a2200145Ia 4500
008 230718s9999 xx 000 0 und d
041 _aEng.
082 _a340
_bSAE-P
100 _aSaeed, Malik M
245 0 _aP.L.D. (1970)-7
260 _aPakistan
_bAll Pakistan
_c1970
300 _a155
650 _aLaw
999 _c26924
_d26924